000
00341nam a2200133Ia 4500
008
151213s9999 xx 000 0 und d
100
_a
John Dicksoncarr
245
_a
The Waxworks Murder
_c
John Dicksoncarr
260
_a
England
_b
Penguing Books
_c
1938
300
_a
4606 p.
650
_a
English
700
_a
John Dicksoncarr
999
_c
2964
_d
2964